000 01875nam0a2200361 4500
001 RU\NLR\BIBL_A\011783374
005 20260531070548.0
035 _a(NLR Aleph) 011783374
090 _a11788418
_c11788418
100 _a20180906d1973 |||y0rusy50 ca
101 0 _aava
_arus
_adar
_akum
_alak
_alez
_atab
_a9tt
102 _aRU
105 _aca z 000gy
200 1 _aТIадегIанал цIваби
_dВысокие звезды
_dАхъти зубарти
_dБийик юлдузлар
_dБюхттулсса цIуртти
_dКьакьан гъетер
_dБийик юлдузлар
_dЯгъал хядар
_dБуьлуьнде астарагъо
_fРасул ХIамзатов
_g[сост. Сиражутдин Хайбуллаев
_gпер. Н. Гребнев и др.]
_zrus
_zdar
_zkum
_zlak
_zlez
_ztab
_znog
_z9tt
210 _aМахачкала
_cДаг. кн. изд-во
_d1973
215 _a792,[1] с.
_cпортр., ил.
_d18
300 _aТекст на авар., рус., дарг., кумык., лак., лезг., табас., ног., тат. яз.
510 1 _aАхъти зубарти
_zdar
510 1 _aБийик юлдузлар
_zkum
_znog
510 1 _aБюхттулсса цIуртти
_zlak
510 1 _aКьакьан гъетер
_zlez
510 1 _aЯгъал хядар
_ztab
510 1 _aБуьлуьнде астарагъо
_z9tt
510 1 _aВысокие звезды
_zrus
541 1 _6z01790
_aВысокие звезды
_zrus
686 1 _aШ6(2=Ав)7-5
700 1 _aХIамзатов
_bР.
_f1923-2003
_gРасул
_4070
702 1 _aГребнев
_bН. И.
_f1921-1988
_gНаум Исаевич
_4730
790 1 _4070
_7ca
_8rus
_aГамзатов
_bР. Г.
_f1923-2003
_gРасул Гамзатович
_914158
_3RU\NLR\AUTH\7731147
852 _aNLR
_bОНЛ
_jАвар./2-899
942 _cBOOK
980 _aNB